Changing fashions (Record no. 452)

MARC details
000 -CABECERA
campo de control de longitud fija 00833nam a2200217 a 4500
001 - NÚMERO DE CONTROL
campo de control BRCA_520
005 - FECHA Y HORA DE LA ÚLTIMA TRANSACCIÓN
campo de control 20190320203038.0
008 - DATOS DE LONGITUD FIJA--INFORMACIÓN GENERAL
campo de control de longitud fija 720906s1972 nyua c 000 0 eng
040 ## - FUENTE DE LA CATALOGACIÓN
Centro catalogador/agencia de origen DLC
Centro/agencia transcriptor DLC
Centro/agencia modificador DLC
050 #4 - SIGNATURA TOPOGRÁFICA DE LA BIBLIOTECA DEL CONGRESO
Número de clasificación GT605
Número de documento/Ítem .C65 1972
100 1# - ENTRADA PRINCIPAL--NOMBRE DE PERSONA
Nombre de persona Coleman, Elizabeth Ann
9 (RLIN) 1790
245 10 - MENCIÓN DE TÍTULO
Título Changing fashions
Resto del título 1800-1970
Mención de responsabilidad, etc. Elizabeth Ann Coleman.
260 ## - PUBLICACIÓN, DISTRIBUCIÓN, ETC.
Lugar de publicación, distribución, etc. [Brooklyn]
Nombre del editor, distribuidor, etc. The Brooklyn Museum
Fecha de publicación, distribución, etc. [1972]
300 ## - DESCRIPCIÓN FÍSICA
Extensión [71] p.
Otras características físicas il.
Dimensiones 26 cm.
500 ## - NOTA GENERAL
Nota general Issued in conjunction with the inaugural installation in the newly designed Costume Galleries of The Brooklyn Museum
610 24 - PUNTO DE ACCESO ADICIONAL DE MATERIA--NOMBRE DE ENTIDAD CORPORATIVA
Nombre de entidad corporativa o nombre de jurisdicción como elemento de entrada Brooklyn Museum of Art (Nueva York)
Subdivisión general Salas de exposición permanente
9 (RLIN) 1791
650 14 - PUNTO DE ACCESO ADICIONAL DE MATERIA--TÉRMINO DE MATERIA
Término de materia o nombre geográfico como elemento de entrada Prendas de vestir
Subdivisión de forma Catálogos
Subdivisión general Historia
Subdivisión geográfica Estados Unidos
9 (RLIN) 1792
650 14 - PUNTO DE ACCESO ADICIONAL DE MATERIA--TÉRMINO DE MATERIA
Término de materia o nombre geográfico como elemento de entrada Moda
Subdivisión cronológica Siglo XIX-XX
Subdivisión geográfica Estados Unidos
9 (RLIN) 1793
653 0# - TÉRMINO DE INDIZACIÓN--NO CONTROLADO
Término no controlado Indumentaria
942 ## - ELEMENTOS DE PUNTO DE ACCESO ADICIONAL (KOHA)
Fuente del sistema de clasificación o colocación Library of Congress Classification
Tipo de ítem Koha Libros
Holdings
Estado de retiro Estado de pérdida Estado dañado No para préstamo Localización permanente Ubicación/localización actual Fecha de adquisición Total de préstamos Signatura topográfica completa Código de barras Fecha visto por última vez Precio válido a partir de Tipo de ítem Koha
El ejemplar forma parte de la colección y puede ser consultado según las políticas vigentes.       Biblioteca del Museo Franz Mayer (Rogerio Casas-Alatriste) Biblioteca del Museo Franz Mayer (Rogerio Casas-Alatriste) 25/06/2008   GT605 .C65 1972 00835 22/03/2019 22/03/2019 Libros